Pokemon Arenaleiter - Statistiken

Allgemein
  • Dieses Quiz wurde 861 mal gespielt
  • Das Durchschnittsergebnis liegt bei 159 aus 320
Antwortstatistiken
Antwort % Korrekt
Rocko
97%
Gestein
94%
Misty
94%
Wasser
93%
Elektro
91%
Pflanze
91%
Feuer
90%
Psycho
90%
Boden
89%
Gift
89%
Onix
89%
Giovanni
86%
Kampf
86%
Drache
85%
Eis
85%
Flug
85%
Geist
85%
Normal
85%
Käfer
84%
Major Bob
84%
Sabrina
83%
Stahl
83%
Starmie
83%
Raichu
82%
Erika
81%
Pyro
81%
Giflor/Sarzenia
79%
Koga
79%
Simsala
79%
Fee
78%
Garados/Kokowei/Arkani
78%
Unlicht
77%
Arkani
74%
Rizeros
72%
Gengar
70%
Azuria City
69%
Blau
69%
Falk
69%
Miltank
68%
Stahlos
68%
Seedraking/Milotic
67%
Marmoria City
66%
Smogmog
66%
Norman
65%
Vertania City
65%
Tauboga
64%
Felsorden
62%
Juan/Wassili
62%
Seedraking
62%
Ben und Svenja
61%
Bianka
61%
Sichlor
61%
Jasmin
60%
Letarking
60%
Lunastein/Sonnfel
60%
Sandra
60%
Kai
59%
Orania City
59%
Wasserorden
59%
Feuerorden
58%
Jens
58%
Lucario
58%
Prismania City
58%
Saffronia City
58%
Zinnoberinsel
58%
Altaria
57%
Fuchsania City
57%
Makuhita
56%
Nasgnet
56%
Walter
56%
Keifel
55%
Norbert
55%
Qurtel
55%
Elevoltek/Luxtra
54%
Flavia
54%
Wibke
54%
Eisorden
53%
Frosdedje/Rexblisar
53%
Mac
53%
Quappo
53%
Voltenso
53%
Blubella/Sarzenia
52%
Drachenorden
51%
Koknodon
51%
Mel
51%
Roserade
51%
Gallopa
50%
Veit
50%
Volkner
50%
Felizia
49%
Traunmagil
49%
Viola
49%
Hartwig
48%
Janina
48%
Kampforden
48%
Marinus
48%
Omot
48%
Quellorden
48%
Bojelin
47%
Donnerorden
47%
Bollterus
46%
Farborden
46%
Pflanzenorden
46%
Baumhausen City
45%
Kamillo
45%
Elektek
44%
Feenorden
44%
Käferorden
44%
Machomei
44%
Maxax
44%
Sodamak
44%
Steinorden
44%
Teak City
44%
Vegimak
44%
Grillmak
43%
Lilia/Lysander
43%
Benny
42%
Frida
42%
Hilda
42%
Sumpforden
42%
Bad Lavastadt
41%
Faustorden
41%
Seelenorden
41%
Stahlorden
41%
Cheren
40%
Dukatia City
40%
Erdorden
40%
Malvenfroh City
40%
Unlichtorden
40%
Adam
39%
Faustauhaven
39%
Silvana
39%
Turner
39%
Zebritz
39%
Citro
38%
Feelinara
38%
Gesteinsorden
38%
Giftorden
38%
Kamilla
38%
Lamina
38%
Xeneroville
38%
Blizzach
37%
Connie
37%
Géraldine
37%
Kukmarda
37%
Stalobor
37%
Swaroness
37%
Vulkanorden
37%
Artie
36%
Blütenburg City
36%
Flügelorden
36%
Siberio
36%
Vivillon
36%
Ebenholz City
35%
Herzhofen
35%
Maik
35%
Mary
35%
Sonnewik
35%
Viola City
35%
Colin
34%
Erzelingen
34%
Geisterorden
34%
Matrifol
34%
Moosbach City
34%
Roy
34%
Sandro
34%
Seeschauminseln
34%
Aloe
33%
Azalea City
33%
Balgoras/Amarino
33%
Ewigenau
33%
Fleetburg
33%
Kamalm
33%
Mahagonia City
33%
Rollum
33%
Yorkleff
33%
Arktilas
32%
Chevrumm
32%
Elezard
32%
Kate
32%
Krabbelorden
32%
Nezz
32%
Resladero
32%
Schleiede
32%
Stratos City
32%
Voltorden
32%
Astrid
31%
Barrikadax
31%
Benson
31%
Betys
31%
Duraludon
31%
Lapras
31%
Lino
31%
Metarost City
31%
Psiaugon
31%
Valerie
31%
Weideburg
31%
Cottomi
30%
Kabu
30%
Mica
30%
Nio
30%
Olangaar/Morpeko
30%
Yarro
30%
Amaro
29%
Anemonia City
29%
Basisorden
29%
Illumina City
29%
Infernopod
29%
Oliviana City
29%
Papella
28%
Pokusan
27%
Silembrim
27%
Triorden
27%
Twindrake City
27%
Federorden
26%
Galantho
26%
Grundorden
26%
Hitzeorden
26%
Wellenorden
26%
Apoquallyp
25%
Blattorden
25%
Montecarbo
25%
Saida
25%
Balanceorden
24%
Engine City
24%
Orion City
24%
Rayono City
24%
Insektorden
22%
Marea City
22%
Phantomorden
22%
Ampereorden
21%
Claw City
21%
Dynamoorden
21%
Knöchelorden
21%
Panaero City
21%
Vapydro City
21%
Kohleorden
20%
Lichtorden
20%
Septerna City
20%
Spikeford
20%
Yantara City
20%
Fluxia City
19%
Minenorden
19%
Waldorden
19%
Wallorden
19%
Abidaya City
18%
Bergorden
18%
Circhester
18%
Eiszapforden
18%
Legendenorden
18%
Nevaio City
18%
Romantia City
18%
Turffield
18%
Fairballey
17%
Firnorden
17%
Jetorden
17%
Nouvaria City
17%
Psiorden
17%
Schauerorden
17%
Tempera City
17%
Fennorden
16%
Fractalia City
16%
Keelton
16%
Mentalorden
16%
Eventura City
15%
Passbeck
15%
Rauforden
15%
Seismoorden
15%
Eisbergorden
14%
Relievera City
14%
Reliktorden
14%
Keine übereinstimmenden Quizze gefunden
Verteilung der Resultate
Anzahl Personen mit jedem Resultat
Perzentil nach korrekt beantworteten Fragen
Ihre Resultats-Entwicklung
Sie haben dieses Quiz noch nicht gespielt